000 01975cam a22003618i 4500
001 23933612
003 GBCCL
005 20251204113101.0
008 241126s2025 enk b 001 0 eng
020 _a9781009597432
_q(hardback)
020 _z9781009597449
_q(ebook)
035 _a23933612
040 _aDLC
_beng
_erda
_cDLC
_dDLC
082 0 0 _a270
_223/eng/20250212
_bHEM 1
100 1 _aHempton, David,
_eauthor.
245 1 0 _aChristianity at the crossroads :
_bthe global church from the print revolution to the digital era /
_cDavid N. Hempton, Harvard University.
263 _a2506
264 1 _aCambridge, United Kingdom ;
_aNew York, NY, USA :
_bCambridge University Press,
_c2025.
300 _a254 pages
336 _atext
_btxt
_2rdacontent
337 _aunmediated
_bn
_2rdamedia
338 _avolume
_bnc
_2rdacarrier
504 _aIncludes bibliographical references and index.
505 0 _aTowards a theory of transnational religious change -- Religious networks in the Reformation era -- Regligious networks in the age of empire in New Spain and West Africa -- The Protestant international : pietism, premillennialism, and Pentecostalism -- Women's networks : opportunities and limitations -- "Only connect!" : networked Christianity in the digital age.
520 _a"Appreciating how and why Christianity spread throughout the world is vital not only for understanding the past but also for assessing present and future consequences and possibilities. This engaging book, by a preeminent religious historian, is for anyone interested in the connections between religion and other aspects of human culture"--
_cProvided by publisher.
650 0 _aChurch history.
650 0 _aMissions
_xHistory.
650 0 _aEcclesiastical geography.
650 0 _aChristianity
_xForecasting.
906 _a7
_brip
_corignew
_d1
_eecip
_f20
_gy-gencatlg
942 _2ddc
_cBK
_n0
999 _c11093
_d11093